000
00306nam a22001337a 4500
008
170830b xxu||||| |||| 00| 0 eng d
020
_a
9781629581637
041
_a
eng
080
_a
070
100
_a
39
101
_a
MED
245
_a
THE DEVELOPMENT OF COMMUNICATION
_c
WATERSON,N
942
_2
udc
_c
BK
999
_c
25572
_d
25572